Ministerstvo školstva pripravuje model financovania škôl na triedu

Združenie miest a obcí Slovenska navrhuje, aby peniaze na mzdy učiteľov neboli určené konkrétnym školám, ale aby ich zriaďovatelia dostávali ako jeden balík, ktorý môžu školám rozdeľovať podľa potreby.

Gespeichert in:
Bibliographische Detailangaben
1. Verfasser: Neupauerová, Zuzana
Format: Buchkapitel
Sprache:Slowakisch
Schlagworte:
Tags: Tag hinzufügen
Keine Tags, Fügen Sie das erste Tag hinzu!

MARC

LEADER 00000nla a2200000 4500
001 0167958
005 20240502072928.8
041 0 |a slo 
044 |a SK 
245 1 0 |a Ministerstvo školstva pripravuje model financovania škôl na triedu  |c Zuzana Neupauerová 
520 |a Združenie miest a obcí Slovenska navrhuje, aby peniaze na mzdy učiteľov neboli určené konkrétnym školám, ale aby ich zriaďovatelia dostávali ako jeden balík, ktorý môžu školám rozdeľovať podľa potreby. 
610 2 0 |a školstvo 
610 2 0 |a financovanie školstva 
610 2 0 |a Slovensko 
100 1 |a Neupauerová, Zuzana